000 00911cam a2200253 a 4500
001 12868700
005 20250127105414.0
008 020219s2001 gh a b 000 0ceng
020 _a9964978790
050 0 0 _aHC1060.Z65
_bA73 2001
082 0 0 _a333.7/082/09667
_221
100 1 _aArdayfio-Schandorf, Elizabeth.
245 1 0 _aWomen in natural resources management enterprises in Ghana /
_cElizabeth Ardayfio-Schandorf, Charlotte Wrigley.
260 _aAccra New Town, Ghana :
_bWoeli Pub. Services,
_cc2001.
300 _a94 p. :
_bcol. ill. ;
_c21 cm.
440 0 _aSuccess stories series
500 _a"Published for UNU/INRA"--T.p. verso.
500 _a"A publication of UNU/INRA"--Cover.
650 0 _aNatural resources
_zGhana
_xManagement.
650 0 _aWomen in development
_zGhana.
700 1 _aWrigley, Charlotte.
710 2 _aInstitute for Natural Resources in Africa.
942 _2lcc
_cBK
_n0
999 _c3094
_d3094